The Racah-Wigner algebra in quantum theory /

Bibliographic Details
Main Author: Biedenharn, L. C.
Other Authors: Louck, James D.
Format: Book
Language:English
Published: Reading, Mass. : Addison-Wesley, Advanced Book Program, 1981.
Series:Encyclopedia of mathematics and its applications ; v. 9.
Subjects:

MARC

Tag First Indicator Second Indicator Subfields
LEADER 00000pam a2200000 a 4500
001 in00000097597
005 20150924085258.0
008 810429s1981 maua b 00110 eng
010 |a  81003668  
020 |a 0201135086 
035 |a (OCoLC)07553381 
035 |9 AAK9221AM 
039 0 |a 2  |b 3  |c 3  |d 3  |e 3 
040 |a DLC  |c DLC  |d TXA  |d UtOrBLW 
049 |a TXAM  |c [952470] 
050 0 0 |a QC174.17 R32  |b  B53 
082 0 |a 530.1/2/01512  |2 19 
100 1 |a Biedenharn, L. C. 
245 1 4 |a The Racah-Wigner algebra in quantum theory /  |c Lawrence C. Biedenharn, James D. Louck ; with a foreword by Peter A. Carruthers ; introduction by George W. Mackey. 
264 1 |a Reading, Mass. :  |b Addison-Wesley, Advanced Book Program,  |c  1981. 
300 |a lxxxviii, 534 pages :  |b illustrations ;  |c 25 cm. 
336 |a text  |b txt  |2 rdacontent 
337 |a unmediated  |b n  |2 rdamedia 
338 |a volume  |b nc  |2 rdacarrier 
490 1 |a Encyclopedia of mathematics and its applications ;  |v v. 9 
504 |a Includes bibliographies and indexes. 
650 0 |a Racah algebra. 
650 0 |a Quantum theory. 
700 1 |a Louck, James D. 
830 0 |a Encyclopedia of mathematics and its applications ;  |v v. 9. 
999 |a MARS 
999 f f |s 05a75a7e-3e75-3dca-91b7-bb0afa7d7d6d  |i ea7741d0-539b-34f7-b45f-e53bbf9636ac  |t 0 
952 f f |p normal  |a Texas A&M University  |b Galveston Campus  |c Jack K. Williams Library  |d Galveston Stacks  |t 0  |e QC174.17.R32 B53  |h Library of Congress classification  |i unmediated -- volume  |m 33620000357786 
952 f f |p normal  |a Texas A&M University  |b College Station  |c Sterling C. Evans Library  |d Evans: Library Stacks  |t 0  |e QC174.17 R32 B53  |h Library of Congress classification  |i unmediated -- volume  |m A14806020047 
998 f f |a QC174.17 R32 B53  |t 0  |l Evans: Library Stacks 
998 f f |a QC174.17.R32 B53  |t 0  |l Galveston Stacks